000 01549cam a22003854a 4500
001 13990720
005 20240303094339.0
008 050603s2005 flua b 001 0 eng
010 _a 2005049421
020 _a9780849312830 (hardcover : alk. paper)
020 _a0849312833 (hardcover : alk. paper)
035 _a(DNLM)101249680
040 _aDNLM/DLC
_cDLC
_dDLC
042 _apcc
050 0 0 _aQH324.2
_b.R37 2005
060 1 0 _aQU 26.5
_bR224b 2005
082 0 0 _a572.80285
_bBUE
245 0 0 _aBioinformatics basics :
_bapplications in biological science and medicine /
_cedited by Lukas K. Buehler, Hooman H. Rashidi.
250 _a2nd ed.
260 _aBoca Raton :
_bTaylor & Francis,
_c2005.
300 _a335 p. :
_bill. ;
_c25 cm.
504 _aIncludes bibliographical references and index.
650 0 _aBioinformatics.
_913954
650 1 2 _aComputational Biology.
_9957
650 2 2 _aAutomatic Data Processing.
_9121738
650 2 2 _aChromosome Mapping.
_9121739
650 2 2 _aSequence Analysis, DNA.
_97469
700 1 _aBuehler, Lukas K.
_9121740
700 1 _aRashidi, Hooman H.
_9121741
856 4 1 _3Table of contents only
_uhttp://www.loc.gov/catdir/toc/fy055/2005049421.html
856 4 2 _3Publisher description
_uhttp://www.loc.gov/catdir/enhancements/fy0646/2005049421-d.html
906 _a7
_bcbc
_corignew
_d1
_eocip
_f20
_gy-gencatlg
942 _2ddc
_cBK
999 _c23403
_d23403